| 000 | 02272cam a2200445 i 4500 | ||
|---|---|---|---|
| 999 |
_c8828 _d8828 |
||
| 001 | 17525504 | ||
| 003 | KZ6385 DET 2013 | ||
| 005 | 20210526094224.0 | ||
| 008 | 121109s2013 enk b 001 0 eng | ||
| 010 | _a 2012045464 | ||
| 020 | _a9781409464983 | ||
| 020 | _a1409464954 (hardback) | ||
| 020 | _a9781409464983 (pbk.) | ||
| 020 | _a1409464989 (pbk.) | ||
| 020 | _z9781409464969 (ebook) | ||
| 020 | _z1409464962 (ebook) | ||
| 020 | _z9781409464976 (epub) | ||
| 020 | _z1409464970 (epub) | ||
| 040 |
_aDLC _beng _cDLC _erda _dDLC |
||
| 042 | _apcc | ||
| 050 | 0 | 0 |
_aKZ6385 _b.D48 2013 |
| 082 | 0 | 0 |
_a341.6 _223 |
| 100 | 1 |
_aDetter de Lupis Frankopan, Ingrid, _eauthor. |
|
| 245 | 1 | 4 |
_aThe law of war / _cIngrid Detter, D.Phil. (Oxon); Jur.Dr. (Stockholm), Lic. en droit (Paris); Dipl. Eur.Law, CHEE (Turin), Senior Member of St. Antony's College, Oxford, sometime Fellow of Lady Margaret Hall and of St. Antony's College, Oxford, Barrister-at-Law of the Middle temple and Lincoln's Inn, Adviser on International Law to the Holy See, Honorary Professor of International Law at Abo Academy in Finland, Professor Emeritus of International Law in the University of Stockholm. |
| 250 | _aThird edition. | ||
| 264 | 1 |
_aFarnham Surrey, England ; _aBurlington, VT : _bAshgate, _c[2013] |
|
| 300 |
_axxxi, 534 pages ; _c25 cm. |
||
| 336 |
_atext _2rdacontent |
||
| 337 |
_aunmediated _2rdamedia |
||
| 338 |
_avolume _2rdacarrier |
||
| 490 | 0 | _aJustice, international law and global security | |
| 500 | _aIncludes bibliographical references (pages 491-523) and index. | ||
| 504 | _aIncludes bibliographical references (pages 491-523) and index. | ||
| 505 | 0 | 0 | _aThe concept of war -- Prohibition of war -- Prevention of war -- The war-waging machinery -- The nature of the law of war -- Spatial application of the law of war -- Restrictions on weapons -- Prohibited methods of warfare -- Humanitarian rules -- Effects of state of war -- Execution of the law of war -- Suspension of the law of war. |
| 600 | _2Law of war | ||
| 650 | 0 | _aWar (International law) | |
| 906 |
_a7 _bcbc _corignew _d1 _eecip _f20 _gy-gencatlg |
||
| 942 |
_2lcc _cBK _e3rd ed. _h3850 _iDET _kKZ |
||